| 000 | 01746nam a2200277Ia 4500 | ||
|---|---|---|---|
| 999 |
_c56540 _d56540 |
||
| 001 | 23654 | ||
| 003 | GE_BSU | ||
| 005 | 20260304171609.0 | ||
| 008 | 181216s1962||||ge |||||||||||||| ||geo|| | ||
| 040 | _cGE_BSU | ||
| 041 | _ageo | ||
| 080 | _a94(479.22)(093უცხ.) + 930.2(470) ც-66 | ||
| 100 |
_aცინცაძე, ი. _918922 |
||
| 245 |
_aძველი რუსული მასალები XI-XVI ს.ს. საქართველოს ისტორიისათვის / _c ი. ცინცაძე ; მთ. რედ. გ. წერეთელი, რედ. ვ. შადური ; საქ. სსრ მეცნ. აკად., საქ. შესახებ არსებ. უცხ. წყაროების კომისია |
||
| 264 |
_aთბილისი : _bსაქ. სსრ მეცნ. აკად. გამ-ბა, _c1962. |
||
| 300 |
_a105 გვ. ; _c 20 სმ. |
||
| 500 | _aდამატებითი თავფურცელი რუსულ და ლათინურ ენაზე | ||
| 504 | _aბიბლიოგრაფია შენიშვნებში | ||
| 520 | _aრეზუმე რუსულ ენაზე | ||
| 541 | _h0,60თ. | ||
| 653 | _aსაქართველოს ისტორიის რუსული წყაროები | ||
| 653 | _aძველი რუსული მასალები XI-XVI ს.ს. საქართველოს ისტორიისათვის. | ||
| 700 |
_aწერეთელი, გ. _eმთავარი რედაქტორი _927048 |
||
| 700 |
_a შადური, ვ. _eრედაქტორი _927049 |
||
| 942 |
_cBK _2udc |
||